000 00530nam a22001817a 4500
005 20260428085249.0
008 260428b |||||||| |||| 00| 0 eng d
040 _aDLSCC
041 _aasm
041 _aeng
110 _aASSEB
_bFinance.
245 _aHS 1st year Finance 2026.
260 _aAssam:
_bAssam State School Education Board;
_c2026.
300 _a10p.
650 _aFinance
856 _uhttps://drive.google.com/file/d/1piEfkCfar6Hj85q8W3OrW4SG-toAFljj/view?usp=sharing
_yCLICK TO VIEW ONLINE
942 _2ddc
_cQP
999 _c16438
_d16438